[Event "Pan American-ch U14"]
[Site "San Jose"]
[Date "2017.07.01"]
[Round "1"]
[White "Parra Aguirre, Maylo Daring"]
[Black "Gomez Sanchez, Roman Mizra"]
[Result "0-1"]
[WhiteElo "1415"]
[BlackElo "1630"]
[PlyCount "48"]
[EventDate "2017.07.01"]
[EventType "swiss"]
[EventRounds "9"]
[EventCountry "CRI"]
[SourceTitle "EXT 2022"]
[Source "ChessBase"]
[SourceDate "2021.10.06"]
[SourceVersion "1"]
[SourceVersionDate "2021.10.06"]
[SourceQuality "1"]

1. e3 g6 2. Be2 Bg7 3. c3 Nf6 4. Nf3 0-0 5. 0-0 c5 6. Re1 Nc6 7. Kf1 d5 8. Bd3 e5 9. Na3 e4 10. Be2 exf3 11. Bxf3 Qc7 12. g3 a6 13. Qc2 Bh3+ 14. Ke2 d4 15. e4 Rad8 16. Kd1 Ne5 17. Bh1 d3 18. Qb3 Bg4+ 19. f3 Nxf3 20. Bxf3 Bxf3+ 21. Re2 Bxe2+ 22. Ke1 Nxe4 23. Qd5 Nxg3 24. hxg3 Qxg3# 0-1